Focus sur: Glaurung - Tolkien - Statistiques

Statistiques générales
  • Ce quiz a été pris 11 fois
  • Le résultat moyen est 7 sur 9
Statistiques - réponses
Informations recherchées Réponses % Correct
Première apparition Le Silmarillion
100%
Age durant lequel il vécut Premier
100%
Espèce Dragon
90%
Groupe de l'espèce Urulókë (Drac-Feu)
90%
Surnoms Ver d'{Or}
90%
Cités et forteresses Angband
80%
{Grand} Ver
70%
Ver de {Morgoth}
70%
Nargothrond
30%
Aucun quiz correspondant
Distribution des résultats
% des personnes avec chaque résultat
Percentile par nombre de réponses
Votre historique - résultats
Vous n’avez pas pris ce quiz